Folklore infantil en la educación
Saved in:
| Hovedforfatter: | |
|---|---|
| Format: | Bog |
| Sprog: | spansk |
| Udgivet: |
Santiago
Andres Bello
2004
|
| Udgivelse: | 3a. ed |
| Fag: | |
| Tags: |
Tilføj Tag
Ingen Tags, Vær først til at tagge denne postø!
|
MARC
| LEADER | 00000nam a2200000 a 4500 | ||
|---|---|---|---|
| 001 | UCI1407 | ||
| 003 | CL-VaPUC | ||
| 008 | 070629e20040000CL |||||||||||||||||spa|d | ||
| 020 | |a 9561312530 | ||
| 082 | 0 | 4 | |a 398.20983 |b PEÑ |2 21 |
| 100 | 0 | |a Peña Muñoz, Manuel |e author |9 521902 | |
| 245 | 1 | 0 | |a Folklore infantil en la educación |
| 250 | |a 3a. ed | ||
| 300 | |a 120 p | ||
| 942 | |c BK | ||
| 945 | |d 20070629 00:00:00 |a jtorresc | ||
| 260 | |a Santiago |b Andres Bello |c 2004 | ||
| 650 | 7 | |a FOLKLORE |2 CL-VaPUC |9 268291 | |
| 650 | 0 | |a Cultura popular |9 307504 | |
| 650 | 0 | |a Métodos de enseñanza |9 270413 | |
| 650 | 0 | |a Costumbres y tradiciones |9 268292 | |
| 650 | 0 | |a Literatura folklórica |9 306605 | |
| 583 | |a last modification |c 20170829 04:39:12 |k Rodrigo Vera | ||
| 999 | |c 326230 |d 326228 | ||
| 952 | |0 0 |1 0 |4 0 |6 398_209830000000000_PEÑ_2004 |7 0 |8 A |9 408002 |a BIBEDU |b BIBEDU |d 2019-11-22 |i 4352785 |o 398.20983 PEÑ 2004 |p 4352785 |r 2019-11-22 |w 2019-11-22 |y BK |k EBA | ||
| 952 | |0 0 |1 0 |4 0 |6 398_209830000000000_PEÑ_2004 |7 0 |8 A |9 408003 |a BIBEDU |b BIBEDU |d 2019-11-22 |i 4459237 |o 398.20983 PEÑ 2004 |p 4459237 |r 2019-11-22 |w 2019-11-22 |y BK |k EBA | ||
| 952 | |0 0 |1 0 |4 0 |6 398_209830000000000_PEÑ_2004 |7 0 |8 A |9 408004 |a BIBEDU |b BIBEDU |d 2019-11-22 |i 4459245 |o 398.20983 PEÑ 2004 |p 4459245 |r 2019-11-22 |w 2019-11-22 |y BK |k EBA | ||
| 952 | |0 0 |1 0 |4 0 |6 398_209830000000000_PEÑ_2004 |7 0 |8 A |9 408005 |a BIBEDU |b BIBEDU |d 2019-11-22 |i 4493893 |o 398.20983 PEÑ 2004 |p 4493893 |r 2019-11-22 |w 2019-11-22 |y BK |k EBA | ||